00583 2200193 4500001002100000005001500021035002000036008004100056245008700097100002100184260003200205300002700237084002000264082001000284650003200294020001900326700002400345990002000369INLIS00000000000794920260430025706 a0010-0426000137260430 0 ind 1 aThe Platinum Rule :bPeraturan Plantina /cTony Alessandra dan Michael J. O'Connor aAlessandra, Tony aBatam :bInteraksara,c1996 a395 hlm. ;c18 x 11 cm a650.1 ALE T C.1 a650.1 4aSukses Pribadi dalam Bisnis a978-0446673433 aMichael J. O'Connor a260311200011289